000 00383nam a2200145Ia 4500
008 230917s9999||||xx |||||||||||||| ||und||
040 _e136555
_aMAIN
041 _aEnglish
082 _a658.3 S15C
100 _aSadri, Sorab
245 0 _aCase study approach to human resource management
260 _aMumbai
_bHimalaya Publishing House
_c2005
300 _a200p p.
942 _cBK
999 _c129870
_d129870